Nezájem cizích investorů? Velká privatizace očima zahraniční firmy.

Väčšina činností spojených s privatizáciou je zameraná na vstup zahraničného kapitálu vo forme nákupov podielov v existujúcich veľkých štátnych podnikoch. K očakávanému vstupu však nedošlo v predpokladanej miere. Niektoré západné spoločnosti investovali v ČSFR hlavne preto, aby sa dostali na trh. Fa...

ver descrição completa

Na minha lista:
Detalhes bibliográficos
Autor principal: Friday, R.
Formato: Capítulo de Livro
Idioma:tcheco
Assuntos:
Tags: Adicionar Tag
Sem tags, seja o primeiro a adicionar uma tag!

MARC

LEADER 00000naa a2200000 4500
001 r008472
005 20220831083845.2
041 0 |a cze 
044 |a [CS] 
245 1 0 |a Nezájem cizích investorů?  |b Velká privatizace očima zahraniční firmy.  |c R. Friday 
520 |a Väčšina činností spojených s privatizáciou je zameraná na vstup zahraničného kapitálu vo forme nákupov podielov v existujúcich veľkých štátnych podnikoch. K očakávanému vstupu však nedošlo v predpokladanej miere. Niektoré západné spoločnosti investovali v ČSFR hlavne preto, aby sa dostali na trh. Faktorom malého záujmu zahraničného kapitálu je aj neistota, obtiažne dosahovanie dohody, malé skúsenosti riaditeľov čs. podnikov i postup kupónovej privatizácie. 
610 2 0 |a privatizácia 
610 2 0 |a kapitál zahraničný 
610 2 0 |a investície zahraničné 
610 2 0 |a ČSFR 
610 2 0 |a podnik štátny 
100 1 |a Friday, R.